[Event "Challenge"]
[Site "http://www.queenalice.com/game.php?id=50349"]
[Date "2006.1.31"]
[Round "-"]
[White "TheChampIsHere"]
[Black "xunglau"]
[Result "0-1"]
[WhiteElo "1418"]
[BlackElo "1479"]

1. b3 Nc6 2. Bb2 e5 3. e4 Bc5 4. Qg4 Qf6 5. Nf3 Nb4 6. Na3 d5 7. Bxe5 Qa6 8.
Bxa6 Bxg4 9. Bxg7 bxa6 10. Bxh8 dxe4 11. Ne5 Bh5 12. O-O Rd8 13. Nac4 Nxc2 14.
Rac1 Nb4 15. a3 Na2 16. Rc2 f6 17. Nc6 Rd5 18. Rxa2 Rf5 19. h3 Be2 20. Rc1 Bxf2+
21. Kh1 Rg5 0-1

[Event "AUTO-OPEN-219"]
[Site "http://www.queenalice.com/game.php?id=52516"]
[Date "2006.2.11"]
[Round "1"]
[White "FabricioMarchi"]
[Black "xunglau"]
[Result "1-0"]
[WhiteElo "1697"]
[BlackElo "1521"]

1. e4 e5 2. Nf3 f6 3. d4 c6 4. d5 Qb6 5. Nc3 Bc5 6. Qd2 Bb4 7. a3 Ba5 8. d6 h5
9. Bc4 Nh6 10. O-O Qd8 11. b4 Bb6 12. a4 f5 13. Nxe5 fxe4 14. Nxe4 Rf8 15. a5
Bxf2+ 16. Rxf2 Rxf2 17. Qxf2 b6 18. axb6 axb6 19. Bxh6 gxh6 20. Qf7# 1-0

[Event "AUTO-OPEN-219"]
[Site "http://www.queenalice.com/game.php?id=52517"]
[Date "2006.2.11"]
[Round "1"]
[White "xunglau"]
[Black "FabricioMarchi"]
[Result "0-1"]
[WhiteElo "1457"]
[BlackElo "1716"]

1. e4 e5 2. Bc4 Nf6 3. Qe2 Bc5 4. Qf3 Nc6 5. Nh3 Nd4 6. Qg3 O-O 7. Ng5 Nxc2+ 8.
Kd1 Nxa1 9. h4 d6 10. Re1 Nh5 11. Qg4 Bxg4+ 12. f3 Bd7 13. Rf1 b5 14. Bd5 c6 15.
Bxf7+ Rxf7 16. Nc3 a5 17. g4 Nf4 18. h5 h6 19. Nxf7 Kxf7 20. d4 Bxd4 21. a3 Bxc3
22. bxc3 Nb3 23. Be3 b4 24. axb4 axb4 25. cxb4 Ra1+ 26. Kc2 Rxf1 27. Kxb3 Be6+
28. Ka4 Ra1# 0-1

[Event "AUTO-OPEN-219"]
[Site "http://www.queenalice.com/game.php?id=52538"]
[Date "2006.2.11"]
[Round "1"]
[White "xunglau"]
[Black "florin"]
[Result "1-0"]
[WhiteElo "1374"]
[BlackElo "1168"]

1. e4 g6 2. Bc4 Bg7 3. Qf3 Nf6 4. b3 O-O 5. h4 h5 6. g4 Nxg4 7. Qf4 Bxa1 8. f3
Ne5 9. Qh6 e6 10. Ba3 Qf6 11. Qxf8+ Kh7 12. Rh3 Nbc6 13. Rg3 Qxh4 14. Ne2 Nxf3+
15. Kf2 Nxd2 16. Nxd2 Bg7 17. Qxf7 b6 18. Bf8 Qf6+ 19. Qxf6 Bxf6 20. e5 Bh4 21.
Bd3 Bxg3+ 22. Kxg3 1-0

[Event "AUTO-OPEN-219"]
[Site "http://www.queenalice.com/game.php?id=52539"]
[Date "2006.2.11"]
[Round "1"]
[White "florin"]
[Black "xunglau"]
[Result "0-1"]
[WhiteElo "1647"]
[BlackElo "1384"]

1. g3 Nc6 2. Bg2 e5 3. Nh3 Qf6 4. O-O d6 5. c3 g5 6. d3 g4 7. Ng5 h6 8. Ne4 Qg6
9. e3 h5 10. d4 h4 11. dxe5 hxg3 12. fxg3 Qh6 13. Qd5 Nxe5 14. Nf2 Qxh2# 0-1

[Event "AUTO-OPEN-219"]
[Site "http://www.queenalice.com/game.php?id=52540"]
[Date "2006.2.11"]
[Round "1"]
[White "xunglau"]
[Black "jajerduco"]
[Result "0-1"]
[WhiteElo "1332"]
[BlackElo "1532"]

1. e4 e6 2. h4 Qf6 3. Rh3 Bc5 4. Nf3 e5 5. d4 Bb4+ 6. c3 d6 7. dxe5 dxe5 8. Ng5
Bc5 9. Qd5 Qxf2+ 10. Kd1 Bg4+ 11. Rf3 Qxf1+ 12. Kc2 Qxg2+ 13. Nd2 Be6 14. Qxc5
Nd7 15. Qxc7 Qh2 16. Rd3 Ngf6 17. Qxb7 O-O 18. Nxe6 Rfb8 19. Qc6 Qxh4 20. c4 Rc8
21. Qb5 Rab8 22. Qa6 Qf2 23. b3 Nxe4 24. Qa5 Rb7 25. c5 Ndxc5 26. Nxc5 Rxc5+ 27.
Rc3 Rxc3+ 28. Kb2 h6 29. Kb1 Nxd2+ 30. Kb2 Nc4+ 31. Kxc3 Qd4+ 32. Kc2 Qf2+ 33.
Qd2 Nxd2 34. Bxd2 Rc7+ 35. Kd1 Qf3+ 36. Ke1 Qh1+ 37. Ke2 Qxa1 38. a4 Rc2 39. b4
Qxa4 40. Kf3 Rxd2 0-1

[Event "AUTO-OPEN-219"]
[Site "http://www.queenalice.com/game.php?id=52541"]
[Date "2006.2.11"]
[Round "1"]
[White "jajerduco"]
[Black "xunglau"]
[Result "1-0"]
[WhiteElo "1447"]
[BlackElo "1393"]

1. e4 e6 2. Qe2 Qf6 3. Nf3 Be7 4. d4 b6 5. Bg5 Qg6 6. Bxe7 Kxe7 7. Ne5 Ba6 8.
Nxg6+ hxg6 9. c4 Nc6 10. Qd3 Nf6 11. f3 Rh5 12. g4 Ra5 13. a3 Rh8 14. h3 g5 15.
Nc3 Ke8 16. Qd2 g6 17. Qxg5 Rxg5 18. h4 Ra5 19. g5 Nh5 20. c5 Ng3 21. d5 exd5
22. Nxd5 Rb5 23. Nxc7+ Kd8 24. Nxb5 Nxh1 25. Nxa7 Bb7 26. Nxc6+ Bxc6 27. cxb6
Kc8 28. Ba6+ Kb8 29. Kf1 Rxh4 30. Kg2 d5 31. exd5 Bxd5 32. Rd1 Bb3 33. Rd8# 1-0

[Event "Challenge"]
[Site "http://www.queenalice.com/game.php?id=56847"]
[Date "2006.3.11"]
[Round "-"]
[White "Iwersen"]
[Black "xunglau"]
[Result "1-0"]
[WhiteElo "1424"]
[BlackElo "1496"]

1. e4 e5 2. Bc4 Qf6 3. Nh3 Bc5 4. d3 d6 5. Be3 Bb4+ 6. c3 Ba5 7. Qa4+ c6 8. Qxa5
b6 9. Bxb6 Bg4 10. Be3 Nd7 11. Nd2 Rb8 12. Bg5 Qg6 13. Bh4 Bh5 14. Ng5 f6 15.
Bf7+ Qxf7 16. Nxf7 Kxf7 17. Qc7 Rxb2 18. Nc4 Ne7 19. Nxb2 Nc5 20. Nc4 1-0

[Event "AUTO-ADV-150"]
[Site "http://www.queenalice.com/game.php?id=58455"]
[Date "2006.3.21"]
[Round "1"]
[White "xunglau"]
[Black "maxsource"]
[Result "0-1"]
[WhiteElo "1430"]
[BlackElo "1587"]

1. e4 e5 2. Qf3 Nf6 3. Bc4 Nc6 4. Nh3 Nd4 5. Qf5 Nxf5 6. Ng5 Nh6 7. O-O d5 8.
Bb5+ Bd7 9. a4 c6 10. Be2 Nxe4 11. h4 Nxg5 12. hxg5 Qxg5 13. b3 Bh3 14. Kh2
Qxg2# 0-1

[Event "AUTO-ADV-150"]
[Site "http://www.queenalice.com/game.php?id=58456"]
[Date "2006.3.21"]
[Round "1"]
[White "maxsource"]
[Black "xunglau"]
[Result "1-0"]
[WhiteElo "1597"]
[BlackElo "1413"]

1. e4 e5 2. Nf3 Bc5 3. Nxe5 Qf6 4. d4 Bb4+ 5. c3 Ba5 6. Bc4 h5 7. O-O Qh6 8.
Bxh6 gxh6 9. Qxh5 Ke7 10. Ng6+ fxg6 11. Qe5+ Kf8 12. Qf4+ Ke7 13. Qf7+ Kd6 14.
Qf8+ Kc6 15. Qc5# 1-0

[Event "AUTO-ADV-150"]
[Site "http://www.queenalice.com/game.php?id=58458"]
[Date "2006.3.21"]
[Round "1"]
[White "araujoime"]
[Black "xunglau"]
[Result "1-0"]
[WhiteElo "1597"]
[BlackElo "1342"]

1. e4 e5 2. Qf3 Nh6 3. Na3 Bc5 4. Nh3 c6 5. Bc4 d5 6. exd5 cxd5 7. Bxd5 a5 8.
Ng5 Qxg5 9. d3 Qf6 10. Bxh6 Qxh6 11. Qxf7+ Kd8 12. Nb5 Bg4 13. Qc7+ Ke8 14. f3
Qe3+ 15. Kd1 Qf2 16. Qxg7 Nd7 17. Qxh8+ Ke7 18. Qxa8 Qxg2 19. Re1 Bxf3+ 20. Bxf3
Qxf3+ 21. Kc1 Qf2 22. Qxa5 b6 23. Qd2 Qh4 24. Rg1 1-0

[Event "AUTO-ADV-150"]
[Site "http://www.queenalice.com/game.php?id=58459"]
[Date "2006.3.21"]
[Round "1"]
[White "xunglau"]
[Black "cachoremaggi"]
[Result "0-1"]
[WhiteElo "1384"]
[BlackElo "1542"]

1. e4 e6 2. Qf3 Nc6 3. Bc4 Nf6 4. a4 Bc5 5. d3 Nd4 6. Qd1 O-O 7. f3 e5 8. h4 Re8
9. h5 c6 10. Qd2 d5 11. Na3 dxc4 12. Rh3 Bxh3 13. gxh3 cxd3 14. cxd3 Nb3 15. Qc2
Nxa1 16. Qxc5 Qxd3 17. Bd2 Nb3 18. Qf2 Qxd2+ 19. Qxd2 Nxd2 20. Kxd2 Rad8+ 21.
Kc2 Rd7 0-1

[Event "AUTO-ADV-150"]
[Site "http://www.queenalice.com/game.php?id=58460"]
[Date "2006.3.21"]
[Round "1"]
[White "cachoremaggi"]
[Black "xunglau"]
[Result "1-0"]
[WhiteElo "1552"]
[BlackElo "1372"]

1. e4 e5 2. Nf3 Qf6 3. d4 Bb4+ 4. c3 Ba5 5. dxe5 Qc6 6. Qd5 Qa4 7. Ng5 c6 8.
Qxf7+ Kd8 9. Qf8+ Kc7 10. Nf7 Qxe4+ 11. Be2 Qc2 12. Qd6+ Kb6 13. Qd4+ c5 14. Qd3
Qa4 15. Nxh8 c4 16. Be3+ Kc6 17. Qd5+ Kxd5 18. O-O Qc2 19. Bf3+ Kxe5 20. Bd4+
Ke6 21. Re1+ Kd6 22. Nf7+ Kc7 23. Be5+ 1-0

[Event "AUTO-OPEN-236"]
[Site "http://www.queenalice.com/game.php?id=58541"]
[Date "2006.3.21"]
[Round "1"]
[White "joaoreis001"]
[Black "xunglau"]
[Result "1-0"]
[WhiteElo "1681"]
[BlackElo "1336"]

1. Nf3 e6 2. g3 c6 3. Bg2 h5 4. O-O Be7 5. d4 h4 6. Nc3 hxg3 7. fxg3 Nh6 8. e4
b6 9. Bf4 Ba6 10. Re1 Ng4 11. h3 Nf6 12. a3 Nh5 13. Be3 Bd6 14. e5 Bc7 15. b4
Nxg3 16. Kh2 Nf5 17. Bg5 f6 18. Bf4 g5 19. Bd2 g4 20. Ng1 gxh3 21. Bxh3 d6 22.
Qg4 1-0

[Event "AUTO-OPEN-236"]
[Site "http://www.queenalice.com/game.php?id=58542"]
[Date "2006.3.21"]
[Round "1"]
[White "xunglau"]
[Black "joaoreis001"]
[Result "0-1"]
[WhiteElo "1333"]
[BlackElo "1703"]

1. e4 e5 2. Bc4 Nc6 3. Qf3 Nf6 4. a4 Nd4 5. Qd3 Bc5 6. Bb3 O-O 7. h4 d6 8. Rh3
Ng4 9. h5 Ne6 10. Nc3 Nxf2 11. Ke2 Nxd3 12. cxd3 Nf4+ 13. Ke1 Nxh3 14. Nxh3 Qh4+
15. Ke2 Bxh3 16. gxh3 a6 17. Nd5 Rac8 18. Ne7+ Qxe7 19. Bd5 c6 20. Bc4 b5 21.
axb5 axb5 22. Bb3 Qh4 0-1

[Event "AUTO-OPEN-236"]
[Site "http://www.queenalice.com/game.php?id=58572"]
[Date "2006.3.21"]
[Round "1"]
[White "Paulo_Rodrigues"]
[Black "xunglau"]
[Result "1-0"]
[WhiteElo "1621"]
[BlackElo "1446"]

1. d4 e6 2. c4 Bb4+ 3. Bd2 Qe7 4. Qc2 Qd6 5. e3 Nf6 6. Nf3 h5 7. e4 b6 8. e5 Qe7
9. exf6 gxf6 10. Bxb4 Qxb4+ 11. Qc3 a5 12. a3 Qd6 13. c5 Qd5 14. cxb6 Qe4+ 15.
Be2 Ba6 16. Qe3 Qc2 17. Bxa6 Nxa6 18. O-O cxb6 19. Qc3 Qh7 20. Qc4 h4 21. Nc3 e5
22. dxe5 fxe5 23. Nxe5 h3 24. g3 f5 25. Rfe1 Nc5 26. Qd5 O-O-O 27. Qa8+ Kc7 28.
Nb5# 1-0

[Event "AUTO-OPEN-236"]
[Site "http://www.queenalice.com/game.php?id=58573"]
[Date "2006.3.21"]
[Round "1"]
[White "xunglau"]
[Black "Aachen"]
[Result "0-1"]
[WhiteElo "1321"]
[BlackElo "1641"]

1. e4 c5 2. Bc4 e6 3. b3 Nc6 4. Qf3 Qf6 5. Nc3 Nd4 6. Qh5 Nxc2+ 7. Kd1 Nd4 8. h4
Qxf2 9. Nf3 Nf6 10. Qg5 h6 11. Qf4 Nxf3 12. Ba3 Bd6 13. Qxd6 Qxg2 14. Rf1 Ng4
15. Bxc5 Qxd2+ 16. Qxd2 Nxd2 17. Kxd2 b6 18. Bd6 Bb7 19. Rf3 Nf6 20. Re3 Rc8 0-1

[Event "AUTO-OPEN-236"]
[Site "http://www.queenalice.com/game.php?id=58574"]
[Date "2006.3.21"]
[Round "1"]
[White "Aachen"]
[Black "xunglau"]
[Result "1-0"]
[WhiteElo "1638"]
[BlackElo "1324"]

1. f4 e6 2. d4 g6 3. b3 b6 4. Nf3 Ba6 5. c4 Nc6 6. Bb2 Bh6 7. Nc3 Nf6 8. g3 Ng4
9. Ne5 Ncxe5 10. dxe5 Bf8 11. e4 c5 12. Qxg4 h5 13. Qd1 f5 14. exf6 Qxf6 15. e5
Qf7 16. Bg2 Bg7 17. Bxa8 Ke7 18. Qd6+ Kd8 19. O-O-O h4 20. Qb8+ 1-0